banner-ar

صورة الجسم وبعض متغيرات الشخصية لدى عينات من المراهقات: دراسة ارتقائية ارتباطية غير ثقافية / (Record no. 43226)

MARC details
000 -الفاتح
حقل البيانات ثابتة الطول 00758nam a2200217Ia 4500
005 - وقت وتاريخ اخر تعامل مع التسجيلة
رقم الضبط 20240530103903.0
008 - عناصر البيانات ثابتة الطول - معلومات عامة
حقل البيانات ثابتة الطول 140319s9999 xx 000 0 ara d
040 ## - مصدر الفهرسة
وكالة الفهرسة الأصلية GCL /
وكالة النسخ GCL
082 04 - رقم تصنيف ديوى العشرى
رقم التصنيف 155.91
رقم المادة ع ص
100 1# - المدخل الرئيسى - إسم شخصى
الإسم الشخصى مايسة احمد النيال
245 10 - بيان العنوان
العنوان صورة الجسم وبعض متغيرات الشخصية لدى عينات من المراهقات: دراسة ارتقائية ارتباطية غير ثقافية /
بيان المسئوليه,etc مايسة احمد النيال
300 ## - الوصف المادى
التعداد 174
490 ## - بيان السلسلة
عنوان السلسلة كتاب
رقم المجلد/ التعيين التسلسلي 0
650 04 - المدخل الاضافى بالموضوع-مصطلح موضوعى
مصطلح موضوعي علم النفس
650 04 - المدخل الاضافى بالموضوع-مصطلح موضوعى
مصطلح موضوعي جسم الانسان
650 04 - المدخل الاضافى بالموضوع-مصطلح موضوعى
مصطلح موضوعي المراهقة - علم نفس
650 04 - المدخل الاضافى بالموضوع-مصطلح موضوعى
مصطلح موضوعي الشكل العام
700 1# - المدخل الاضافى - اسم شخصى
الإسم الشخصى علاء الدين كفافى
942 ## - عناصر المدخل الإضافي( كوها)
مصدر التصنيف او مخطط الترفيف Dewey Decimal Classification
Koha [default] item type كتاب
Holdings
حالة التراجع حالة الفقد حالة تلف ليس للاعارة المكان المؤقت الموقع الحالى تاريخ الاكتساب اجمالي اﻻعارات رقم الطلب الباركود تاريخ اخر مشاهدة تاريخ تفعيل السعر نوع وعاء كوها مصدر التصنيف او خطة الترفيف موقع الترفيف
        مكتبة القاهرة الكبرى مكتبة القاهرة الكبرى 03/26/2014   155.91\ع ص 104583 03/26/2014 03/26/2014 كتاب    
        مكتبة القاهرة الكبرى مكتبة القاهرة الكبرى 03/26/2014   155.91\ع ص 104584 03/26/2014 03/26/2014 كتاب    
        مكتبة القاهرة الكبرى مكتبة القاهرة الكبرى 03/26/2014   155.91\ع ص 104585 03/26/2014 03/26/2014 كتاب    
        مكتبة القاهرة الكبرى مكتبة القاهرة الكبرى 05/02/2018   155.91 ع ص 164646 05/02/2018 05/02/2018 كتاب ddc القاعة الرئيسية

Powered By

EGPV